Responses for Show #8038 - Wednesday, July 17, 2019

Sam Kavanaugh game 6.

Contestants

[<< previous game]

Roey Hadar, a journalist from Arlington, Virginia

Jennifer Abel, a graduate student from Vancouver, British Columbia, Canada

Sam Kavanaugh, a teacher from Minneapolis, Minnesota (whose 5-day cash winnings total $156,202)

[next game >>]

Jeopardy! Round responses

NEW SHERIFF IN TOWN
FICTION
HOW ARE YOU GETTING AROUND?
(Alex: We want you to name the mode of transport.)
FASHION DON'TS
ABBREV. TV CHANNELS
WORDS, WORDS, WORDS
    $200 29
Honolulu

Roey
    $200 5
The Scarlet Letter

Roey
    $200 24
an airplane (or jet)

Jennifer
    $200 9
a tutu

Roey
    $200 2
CNBC

Roey
    $200 30
guerrilla

Roey
    $400 8
Billy the Kid

Jennifer
    $400 7
Fahrenheit 451

Sam
    $400 1
a steamboat

Roey
    $400 25
fanny pack

Jennifer
    $400 3
cable and satellite

Roey
    $400 15
treason

Jennifer
    $600 11
Atlantic City

Roey
    $600 16
Jane Eyre

Roey
    $600 12
a bicycle

Sam
    $600 26
jeans and shorts

Roey
    $600 4
Black Entertainment Television

Jennifer
    $600 18
a bigwig

Sam
    $800 13
(Wild) Bill Hickok

Sam
    $800 17
Catch-22

Jennifer
    $800 14
a skateboard

Jennifer
    $800 27
sandals

Roey
    $800 6
convenience

Sam
    $800 19
an eel

Sam
    $4,000 23
(Roey: Who... is... McKinley?)

Grover Cleveland

Roey
    $1000 21
(Thomas) Hardy

Roey
    $1000 20
a motorcycle

Roey
    $1000 28
suspenders and a belt

Jennifer
    $1000 10
Country Music Television

Sam
    $1000 22
(Sam: What's a commune?)

a convent

SamRoey

Scores at the first commercial break (after clue 15):

Sam Jennifer Roey
$3,600 $2,200 $2,000

Scores at the end of the Jeopardy! Round:

Sam Jennifer Roey
$4,000 $4,600 $3,400

Double Jeopardy! Round responses

FAKE GNUS
(Alex: Yes, the African animal.)
AROUND THE GLOBE
ART & ARTISTS
"LIM"ITED LIABILITY
AWARDS & HONORS
A STAR IS BORN
    $400 3
a wildebeest

Sam
    $400 5
Portugal

Roey
    $400 8
fresco

Jennifer
    $400 9
a limousine

Roey
    $400 28
Mother Teresa

Roey
    $400 29
Katy Perry

Roey
    $800 27
horns

Roey
    $800 22
Kiev

Roey
    $800 10
a shipwreck

Roey
    $800 23
limber

Jennifer
    $800 14
liquid crystal display

Roey
    $800 2
Marilyn Monroe

Jennifer
    $1200 4
(Roey: Um... oh, shoot. What is a puma?)

a reebok

JenniferRoey
    $1200 1
the Swiss Guard

Sam
    $1200 11
(Claude) Monet

Sam
    $1200 24
limpets

Sam
    $1200 15
(Jennifer: What is Proof?)

Doubt

JenniferRoey
    $1200 18
(Roey: Who is Sinbad?)

Jamie Foxx

Roey
Triple Stumper
    $1600 12
an impala

Roey
    $1600 6
(Jennifer: What is Spa?)

Hot Springs, Arkansas

Jennifer
Triple Stumper
    $1600 13
a miniature

Jennifer
    $1600 25
the limbic system

Jennifer
    $4,000 16
(Tim) Berners-Lee

Roey
    $4,000 19
Portia de Rossi

Roey
    $2000 30
(Sam: What's an ibex?)

an oryx

SamJennifer
    $2000 7
Lao

Roey
    $2000 21
Bird in Space

Triple Stumper
    $2000 26
the Limpopo

Roey
    $2000 17
the Fields Medal

Roey
    $2000 20
Fetty Wap

Roey

Scores at the end of the Double Jeopardy! Round:

Sam Jennifer Roey
$6,000 $10,200 $24,600
(lock game)

[wagering suggestions for these scores]

Final Jeopardy! Round responses

17th CENTURY NAMES
(Alex: [To Jennifer] Thinking of The Compleat Angler.)
SamWho is Marlow?
$6,000
JenniferWho is Isaak Walton?
$1,801
RoeyWho is Milton?
$1,000
Izaak Walton

Final scores:

Sam Jennifer Roey
$0 $12,001 $23,600
3rd place: $1,000 2nd place: $2,000 New champion: $23,600

Game dynamics:

Coryat scores:

Sam Jennifer Roey
$6,000 $10,200 $23,800
11 R,
2 W
15 R,
2 W
30 R
(including 2 DDs),
3 W
(including 1 DD)

Combined Coryat: $40,000

[game clues] [game scores] [suggest correction]

Game tape date: 2019-03-30
The J! Archive is created by fans, for fans. Scraping, republication, monetization, and malicious use prohibited; this site may use cookies and collect identifying information. See terms. The Jeopardy! game show and all elements thereof, including but not limited to copyright and trademark thereto, are the property of Jeopardy Productions, Inc. and are protected under law. This website is not affiliated with, sponsored by, or operated by Jeopardy Productions, Inc. Join the discussion at JBoard.tv.